000 00621nam a2200193Ia 4500
003 GCL
008 140319s9999 xx 000 0 ara d
040 _aGCL /
_cGCL
082 0 4 _a240
_bم م
100 1 _aمحمد الغزالى
245 1 0 _aالمحاور الخمسة للقرأن الكريم /
_cمحمد الغزالى
260 _a[S.N] :
_bدار الوفاء للطباعة والنشر والتوزيع ،
_c1992
300 _a247 ص
490 _a
650 0 4 _aتفسير القران الكريم
650 0 4 _aالقصص القرآنية
650 0 4 _aالقران - احكام
942 _2ddc
_cBK
999 _c54010
_d54010